Pokémon - Champions d'Arène - Lovis (D/P/Pt) - Statistiques

Statistiques générales
  • Ce quiz a été pris 31 fois
  • Le résultat moyen est 86 sur 102
Statistiques - réponses
Hint Réponse % Correct
Niv 27
100%
Niv 30
100%
Type Eau
100%
Talent Intimidation
100%
| Léviator
100%
Ludicolo
100%
Capacités Mâchouille
100%
| Maraiste
100%
| Mustéflott
100%
Type Plante
100%
Capacités Séisme
100%
Type Sol
100%
Type Vol
100%
Niv 34
94%
Niv 37
94%
Niv 61
94%
Niv 62
94%
Niv 63
94%
Niv 65
94%
Capacités Laser Glace
94%
Capacités Morsure
94%
Type Ténèbres
94%
Ville Verchamps
94%
Niv 33
88%
Capacités Boue-Bombe
88%
Capacités Cascade
88%
Capacités Crocs Givre
88%
Capacités Draco-Rage
88%
Capacités Surf
88%
Capacités Aqua-Jet
82%
Objet Baie Sitrus
82%
Capacités Éco-Sphère
82%
Talent Glissade
82%
Sharpedo
82%
Capacités Exploforce
76%
Capacités Lame de Roc
76%
CT | Capacités Saumure
76%
Talent Moiteur
71%
Talent Peau Dure
71%
Capacités Hydroqueue
65%
Capacités Lance-Boue
65%
Capacités Ouragan
65%
Capacités Tir de Boue
65%
Capacités Vibraqua
65%
Badge Palustre
59%
Capacités Poursuite
59%
Capacités Tomberoche
59%
Capacités Tranche
59%
Capacités Tranche-Nuit
59%
Capacités Avalanche
53%
Capacités Météores
53%
Capacités Souplesse
47%
Capacités Giga Impact
41%
Capacités Bâillement
35%
Capacités Vantardise
29%
Capacités Mimi-Queue
18%
Capacités Ténacité
18%
Aucun quiz correspondant
Distribution des résultats
% des personnes avec chaque résultat
Percentile par nombre de réponses
Votre historique - résultats
Vous n’avez pas pris ce quiz